Black and White Quiz Stats

 Plays Quiz Updated Sep 25, 2013

Support Sporcle.
Go Orange.
Score 0/20 Timer 04:00
0 Plays Today
Column Answer % Correct
Zebra
99.4%
Soccer Ball
99.2%
Panda Bear
99%
Dice
98.3%
Oreo
98.1%
Cow
98%
Piano
97.8%
Penguin
97.7%
Crossword Puzzle
97.1%
Newspaper
97%
Column Answer % Correct
Skunk
96.3%
Domino
96.2%
Snoopy
96.2%
Universal Product Code
95.8%
Jolly Roger
94.2%
Orca
92.7%
Tuxedo
92.4%
Yin Yang
90.9%
Dalmatian
84.4%
Puffin
71.1%

From the Vault

Fun-Sized Candy Facts

by Pushcake

King-Sized candy is way more fun than Fun-Sized.
Remove Ads.
Support Sporcle.
Get the best of Sporcle when you Go Orange. This ad-free experience offers more features, more stats, and more fun while also helping to support Sporcle. Thank you for becoming a member.

Show Comments

Extras

Top Quizzes Today


Score Distribution

Your Account Isn't Verified!

In order to create a playlist on Sporcle, you need to verify the email address you used during registration. Go to your Sporcle Settings to finish the process.

Report this User

Report this user for behavior that violates our Community Guidelines.

Details: